Statistiken für Schauspieler, die mit Til Schweiger zusammengearbeitet haben

Klicken Sie hier um das Quiz zu spielen!

Allgemein

  • Dieses Quiz wurde 22 mal gespielt
  • Das Durchschnittsergebnis liegt bei 8 aus 71

Antwortstatistiken

FilmSchauspieler/in% Korrekt
Keinohrhasen, ZweiohrkükenNora Tschirner
79%
Barfuss, Keinohrhasen, Zweiohrküken, Kokowääh, Kokowääh 2, Keinohrhase und Zweiohrküken, Honig im Kopf, Conni & Co 2 – Das Geheimnis des T-Rex, Head Full of Honey, Die Rettung der uns bekannten Welt, Manta Manta – Zwoter TeilEmma Schweiger
74%
Keinohrhasen, Zweiohrküken, Kokowääh 2, Keinohrhase und ZweiohrkükenMatthias Schweighöfer
74%
1½ Ritter – Auf der Suche nach der hinreißenden Herzelinde, Honig im KopfDieter Hallervorden
68%
Keinohrhasen, Zweiohrküken, Kokowääh, Schutzengel, Kokowääh 2, Manta Manta – Zwoter TeilLuna Schweiger
63%
Keinohrhasen, Zweiohrküken, Klassentreffen 1.0, Die HochzeitLilli Schweiger
53%
Barfuss, KeinohrhasenJürgen Vogel
26%
Barfuss, Schutzengel, Manta Manta – Zwoter TeilAxel Stein
21%
ZweiohrkükenElyas M’Barek
21%
Honig im KopfJan Josef Liefers
21%
Manta Manta – Zwoter TeilMichael Kessler
21%
Schutzengel, Manta Manta – Zwoter TeilMoritz Bleibtreu
21%
Manta Manta – Zwoter TeilTina Ruland
21%
BarfussJohanna Wokalek
16%
Keinohrhasen, 1½ Ritter – Auf der Suche nach der hinreißenden Herzelinde, Keinohrhase und ZweiohrkükenRick Kavanian
16%
Kokowääh, Kokowääh 2, Conni & Co 2 – Das Geheimnis des T-Rex, Klassentreffen 1.0, Die HochzeitSamuel Finzi
16%
Manta Manta – Zwoter TeilWotan Wilke Möhring
16%
KeinohrhasenChristian Tramitz
11%
Keinohrhasen, 1½ Ritter – Auf der Suche nach der hinreißenden Herzelinde, Kokowääh, Schutzengel, Keinohrhase und Zweiohrküken, Honig im KopfFahri Yardım
11%
Der EisbärFlorian Lukas
11%
Der Eisbär, Zweiohrküken, Schutzengel, Lieber KurtHeiner Lauterbach
11%
Kokowääh, Kokowääh 2, Lieber KurtJasmin Gerat
11%
Klassentreffen 1.0, Die HochzeitMilan Peschel
11%
1½ Ritter – Auf der Suche nach der hinreißenden HerzelindeThomas Gottschalk
11%
Barfuss, KeinohrhasenArmin Rohde
5%
Der EisbärBenno Fürmann
5%
Honig im KopfClaudia Michelsen
5%
Die Rettung der uns bekannten Welt, Lieber KurtEmilio Sakraya
5%
1½ Ritter – Auf der Suche nach der hinreißenden HerzelindeHannelore Elsner
5%
Conni & Co 2 – Das Geheimnis des T-RexHeino Ferch
5%
Conni & Co 2 – Das Geheimnis des T-RexIris Berben
5%
1½ Ritter – Auf der Suche nach der hinreißenden HerzelindeJulia Dietze
5%
Der EisbärJürgen Tarrach
5%
Schutzengel, Klassentreffen 1.0, Die HochzeitKatharina Schüttler
5%
1½ Ritter – Auf der Suche nach der hinreißenden Herzelinde, Zweiohrküken, Conni & Co 2 – Das Geheimnis des T-RexKen Duken
5%
Barfuss, 1½ Ritter – Auf der Suche nach der hinreißenden HerzelindeMark Keller
5%
KokowäähMeret Becker
5%
Manta Manta – Zwoter TeilNilam Farooq
5%
Keinohrhasen, Lieber KurtNina Proll
5%
SchutzengelOliver Korittke
5%
Lieber KurtPeter Simonischek
5%
Der EisbärRalf Richter
5%
1½ Ritter – Auf der Suche nach der hinreißenden HerzelindeRoberto Blanco
5%
Zweiohrküken, KokowäähSönke Möhring
5%
1½ Ritter – Auf der Suche nach der hinreißenden HerzelindeTobias Moretti
5%
1½ Ritter – Auf der Suche nach der hinreißenden HerzelindeUdo Kier
5%
Keinohrhasen, ZweiohrkükenYvonne Catterfeld
5%
Keinohrhasen, Kokowääh, Kokowääh 2Anne-Sophie Briest
0%
1½ Ritter – Auf der Suche nach der hinreißenden Herzelinde, ZweiohrkükenDenis Moschitto
0%
1½ Ritter – Auf der Suche nach der hinreißenden HerzelindeDonnie Wahlberg
0%
Head Full of HoneyEmily Mortimer
0%
KokowäähFriederike Kempter
0%
Schutzengel, Die Rettung der uns bekannten Welt, Lieber KurtHerbert Knaup
0%
Head Full of HoneyJacqueline Bisset
0%
Honig im KopfJanin Ullmann
0%
Honig im Kopf, Klassentreffen 1.0, Die HochzeitJeanette Hain
0%
1½ Ritter – Auf der Suche nach der hinreißenden HerzelindeJohannes Heesters
0%
1½ Ritter – Auf der Suche nach der hinreißenden HerzelindeJustus von Dohnányi
0%
Kokowääh 2Jytte-Merle Böhrnsen
0%
Zweiohrküken, SchutzengelKaroline Schuch
0%
Der Eisbär, Kokowääh, Honig im KopfKatharina Thalbach
0%
SchutzengelKostja Ullmann
0%
BarfussMarkus Maria Profitlich
0%
Head Full of HoneyMatt Dillon
0%
BarfussNadja Tiller
0%
Head Full of HoneyNick Nolte
0%
Conni & Co 2 – Das Geheimnis des T-RexOskar Keymer
0%
Honig im KopfTilo Prückner
0%
Klassentreffen 1.0, Die Hochzeit, Manta Manta – Zwoter TeilTimur Bartels
0%
ZweiohrkükenUwe Ochsenknecht
0%
Head Full of HoneyVeronica Ferres
0%

Verteilung der Resultate

Perzentil nach korrekt beantworteten Fragen

Anzahl Personen mit jedem Resultat

Ihre Resultats-Entwicklung

Sie haben dieses Quiz noch nicht gespielt